Mikrobiologie pro potravináře a biotechnology /

Saved in:
Bibliographic Details
Main Author: Šilhánková, Ludmila (Author)
Format: Book
Language:Czech
Published: Praha : Academia, 2002
Edition:3.,oprav. a dopl.vyd
Tags: Add Tag
No Tags, Be the first to tag this record!

MARC

LEADER 00000nam a22000003a 4500
001 stu82514
005 20150617225637.8
008 031119s2002----xr------------------cze-d
020 |a 80-200-1024-6 
040 |a STU  |b slo 
041 0 |a cze 
044 |a xr 
080 |a 576.8  |7 stu_us_auth*stu5767 
100 1 |a Šilhánková, Ludmila  |4 aut 
245 1 |a Mikrobiologie pro potravináře a biotechnology /  |c [aut.]Šilhánková,Ludmila 
250 |a 3.,oprav. a dopl.vyd 
260 |a Praha :  |b Academia,  |c 2002 
300 |a 363 s. Obr.,tab.,grafy,index 
996 |b C97322  |c C*97322  |l CCXIX  |s P  |a 0  |w stu82514_0001 
996 |b 284C030353  |c C*97271  |l CCI  |s A  |a 24  |w stu82514_0002 
996 |b C97162  |c C*97162  |l CCX  |s P  |a 0  |w stu82514_0003